000 00648nja a2200205 a 4500
003 BLK
005 20180422124139.0
008 180414c bul|r|ner|||| 00| c0bul d
010 _aNOT00003437179
040 _aBLK
700 1 _aХристов, Добри Лазаров
_9376372
700 1 _aИлиев, Атанас
_eтекст
_9378263
245 1 0 _aПирин планина
_c Добри Лазаров Христов; текст Атанас Илиев.
257 _aBGR
380 _a7
773 _0319164
_9672176
_tГодината в песни
852 _aЦб М ІІ 11784
942 _cNOT
_n0
944 _aCR
_c12.11.2014
_k
944 _aED
_c27.03.2015
_kИрена_Линкова
999 _c319343
_d319343